| 000 | 00832cam a2200265 a 4500 | ||
|---|---|---|---|
| 001 | 16067275 | ||
| 005 | 20180308072247.0 | ||
| 008 | 100125s2010 nyua 001 0 eng | ||
| 010 | _a 2010003195 | ||
| 015 |
_aGBB052235 _2bnb |
||
| 016 | 7 |
_a015534783 _2Uk |
|
| 020 | _a9780071738897 (alk. paper) | ||
| 020 | _a0071738894 (alk. paper) | ||
| 035 | _a(OCoLC)ocn466354081 | ||
| 040 |
_aDLC _cDLC _dBTCTA _dYDXCP _dUKM _dC#P _dBWX _dCDX _dDLC |
||
| 041 | _aeng | ||
| 080 | _a658.85 CHA | ||
| 082 | 0 | 0 |
_a658.85 CHA _222 |
| 100 | 1 | _a61 | |
| 101 | _aSHIT | ||
| 245 | 1 | 0 |
_aCompetitive selling : _cLandy Chase. |
| 906 |
_a7 _bcbc _corignew _d1 _eecip _f20 _gy-gencatlg |
||
| 942 |
_2ddc _cBK |
||
| 999 |
_c44472 _d44472 |
||